ბათუმის შოთა რუსთაველის სახელმწიფო უნივერსიტეტის ბიბლიოთეკა

სამუშაო ძალის ბაზარი და ხელფასის ორგანიზაციის მექანიზმი : (ბიბ.ჩანაწერი № 63595)

000 -ლიდერი
ფიქსირებული სიგრძის საკონტროლო ველი 01109nam a22002057a 4500
003 - საკონტროლო ნომრის იდენტიფიკატორი
საკონტროლო ველი Ge_BSU
005 - ბოლო ოპერაციის თარიღი და დრო
საკონტროლო ველი 20251112143305.0
008 - ფიქსირებული სიგრძის მონაცემთა ელემენტები - ზოგადი ინფორმაცია
ფიქსირებული სიგრძის საკონტროლო ველი 251112s1996 ge |||||s|||| 00| 0 geo d
041 ## - ენის კოდი
Language code of text/sound track or separate title geo
080 ## - უნივერსალური ათობითი კლასიფიკაციის ინდექსი
Universal Decimal Classification number 331.5(042.4) ც-21
100 ## - მთავარი ჩანაწერი - პიროვნების სახელი
Personal name ცარციძე, მურმან
9 (RLIN) 13197
245 ## - ცნობა სათაურის შესახებ
Title სამუშაო ძალის ბაზარი და ხელფასის ორგანიზაციის მექანიზმი :
Remainder of title (ლექციების კურსი. ნაწ. 1) /
Statement of responsibility, etc მურმან ცარციძე, ნათელა ლაცაბიძე; [რედ. ოთარ საღარეიშვილი].
264 ## - წარმოების, გამოცემის, დისტრიბუციის და სხვა ცნობები
გამოცემის, წარმოების, დისტრიბუციის... ადგილი თბილისი :
გამოცემის, წარმოების, დისტრიბუციის... სახელწოდება ნიკე,
გამოცემის, წარმოების, დისტრიბუციის... თარიღი 1996.
300 ## - ფიზიკური აღწერა
Extent 200 გვ.;
Other physical details 20 სმ.
653 ## - INDEX TERM--UNCONTROLLED
Uncontrolled term სამუშაო ძალის ბაზარი
653 ## - INDEX TERM--UNCONTROLLED
Uncontrolled term ხელფასი
700 ## - ADDED ENTRY--PERSONAL NAME
Personal name ლაცაბიძე, ნათელა
Relator term ავტორი
9 (RLIN) 26200
700 ## - ADDED ENTRY--PERSONAL NAME
Personal name საღარეიშვილი, ოთარ
Relator term რედაქტორი
9 (RLIN) 26201
942 ## - ADDED ENTRY ELEMENTS (KOHA)
Source of classification or shelving scheme
Koha item type წიგნი
ეგზემპლარები
ჩამოწერის სტატუსი დაკარგული ეგზემპლარის სტატუსი კლასიფიკაციის წყარო ან თაროზე გაწყობის სქემა დაზიანების სტატუსი არ გაიცემა მუდმივი მდებარეობა (დაცვის ადგილი) ამჟამინდელი ადგილსამყოფელი თაროზე განთავსების ადგილი შეძენის თარიღი ღირებულება, შესყიდვის ნორმალური ფასი სრული შენახვის შიფრი შტრიხკოდი ბოლო ოპერაციის თარიღი ეგზემპლარის მიმდევრობითი ნომერი (კეტერი?) ფასის ძალაში შესვლის თარიღი ეგზემპლარის სახეობა საჯარო შენიშვნა
          ბათუმის შოთა რუსთაველის სახელმწიფო უნივერსიტეტის მთავარი ბიბლიოთეკა ბათუმის შოთა რუსთაველის სახელმწიფო უნივერსიტეტის მთავარი ბიბლიოთეკა წიგნსაცავი 2025-11-12 4.00 331.5(042.4) ც-21 73040 2025-11-12 73040 2025-11-12 წიგნი 4 ლ.